| 000 | 00546nam a2200121Ia 4500 | ||
|---|---|---|---|
| 008 | 220620s9999||||xx |||||||||||||| ||und|| | ||
| 100 | _aRosales, Rodolfo||Navarro, Sharon | ||
| 245 | 4 | _aThe Roots of Latino Urban Agency | |
| 546 | _aEnglish[eng] | ||
| 650 | _aPolitical Science||Latino||Los Angeles||Miami||Race and ethnicity in the United States Census||San Antonio||San Francisco | ||
| 856 | _uhttps://library.oapen.org/bitstream/20.500.12657/31720/1/625672.pdf||https://library.oapen.org/bitstream/20.500.12657/31720/1/625672.pdf | ||
| 942 | _cEB | ||
| 999 |
_c30637 _d30637 |
||